LEADER 00927nam a2200229 i 4500 001 000000068073 003 CaOOAMICUS 005 20100617000000.0 008 100617s1965 it u000 u ita u 013 $a39245 040 $aSeMil$bita 100 1 $aPolato, Franco.$0(OLS)http://semarc/name/34019 245 10$aBlondel e il problema della filosofia come scienza /$cFranco Polato. 260 $aBologna :$bZanichelli,$c1965. 300 $aXII, 190 p. ;$c22 cm. 490 0 $aStudi e ricerche ;$v13 600 14$aBlondel, Maurice <1861-1949>.$0(OLS)http://semarc/subject/458 830 0$aStudi e ricerche ;$v13.$0(OLS)http://semarc/title/6597 850 $aSeMil 852 $aSeMil$W1$xVenegono$y1$m2O II 151$j34226$B34226$CSeMilBibl$Z2$F34229 $81 996 $6245$aBlondel e il problema della filosofia come scienza$9(OLS)http://semarc/title/108622 996 $6260$aBologna :$bZanichelli$9(OLS)http://semarc/publisher/29934 LEADER 00488nab a2200133 i 4500 001 000000326229 003 CaOOAMICUS 005 20180831173518.0 008 180831n it uu u0 0ita r 013 $a37374 040 $aSeMil$bita 245 10$aBiennio Teologico. Brevi di Cronaca. - In [rubrica] :$bNotizie dai Seminari. 773 0 $t[OTTOBRE 1999]. - 32 p.$gp.17-it$w()288219 996 $6245$aBiennio Teologico. Brevi di Cronaca. - In [rubrica] :$bNotizie dai Seminari.$9(OLS)http://semarc/title/399338